000 00953nam a22002652 4500
001 0000002941
005 20151217151908.0
008 070424s xx 000 0 eng d
020 _a0256092338 :
_cKES 500 (donation)
040 _aKABU
_cKABU
050 0 _aHG181
_b.R671 1993
100 1 _aRose, Peter S.
_@0000152468
245 1 0 _aFinancial institutions :
_bunderstanding and managing financial services /
_cPeter S. Rose, James W. Kolari, Donald R. Fraser.
250 _a4th ed.
260 _aHomewood, IL :
_bIrwin,
_cc1993.
300 _axxiv, 782 p. ;
_c24 cm.
650 0 _aFinancial institutions
_zUnited States.
_@0000152460
700 1 _aKolari, James W.
_@0000152471
700 1 _aFraser, Donald R.
_@0000152472
908 _a070424
950 _@1
999 _c6121
_d6121